| 000 | 00906nam a2200253 a 4500 | ||
|---|---|---|---|
| 001 | adlib96000001 | ||
| 003 | ViArRB | ||
| 005 | 200902210153555.7 | ||
| 008 | 960221s1955 dcuabcdjdbkoqu001 0deng d | ||
| 020 | _a | ||
| 022 | _a | ||
| 040 | _aAdlib | ||
| 082 | _a547-412.2 | ||
| 245 | _aReagents for organic synthesis | ||
| 250 | _a | ||
| 260 |
_aNew York _bWiley Interscience _c1972 |
||
| 300 |
_a3v. V.3 _c |
||
| 500 | _a | ||
| 100 |
_aFieser, Louis F. _e |
||
| 700 |
_aFieser, Mary _a |
||
| 942 | _cBK | ||
| 653 |
_aOrganic chemistry _aChemistry _aSpectroscopy _aBiochemistry _aSpectrum analysis _aAcids _aBases- chemistry _aPhysical science _aScience _aChemistry _aSpectroscopy _aBiochemistry _aSpectrum analysis _aAcids _aBases- chemistry _aPhysical science _aScience _aOrganic reactions |
||
| 952 |
_w2010-06-16 _p00012375 _r2010-06-16 _40 _00 _bUL _10 _o547-412.2 FIE.3 _d2010-06-16 _70 _yBK _aUL |
||
| 999 |
_c15689 _d15688 |
||